00630cam a2200157 a 4500020001800000020001500018050001500033100002200048245009900070250001200169260005500181300003300236505015800269650002200427650002300449 a9780137009169 a013700916X00aT55b.G5861 aGoetsch, David L.10aOccupational safety and health for technologists, engineers, and managers /cDavid L. Goetsch. a7th ed. aUpper Saddle River, N.J. :bPrentice Hall,cc2011. axx, 745 p. :bill. ;c29 cm. aHistorical Perspective and overview, Laws and Regulations , The Human Element, Hazard assessment prevention and control, Management of safety and Health  0aIndustrial safety 0aIndustrial hygiene